[Event "FRA AJEC/5168 corr"]
[Site "France"]
[Date "2002.??.??"]
[Round "?"]
[White "Lorin, Fabrice"]
[Black "Monery, Fabien"]
[Result "0-1"]
[WhiteElo "2020"]
[BlackElo "1850"]
[PlyCount "20"]
[EventDate "2002.??.??"]
[EventType "tourn (corr)"]
[EventRounds "8"]
[EventCountry "FRA"]
[SourceTitle "Corr 2004"]
[Source "ChessBase"]
[SourceDate "2003.04.28"]
[SourceVersion "3"]
[SourceVersionDate "2003.04.28"]
[SourceQuality "1"]

1. d4 d5 2. c4 e6 3. Nc3 Nf6 4. Nf3 c6 5. e3 Nbd7 6. Bd3 dxc4 7. Bxc4 Be7 8. 0-0 0-0 9. e4 Nb6 10. Bb3 h6 0-1